MARC

LEADER 00000nam0a2200000 4500
001 272583
005 20231101234540.0
035 |a (RuTPU)RU\TPU\book\295790 
090 |a 272583 
100 |a 20141020d1987 k y0rusy50 ca 
101 0 |a rus 
102 |a RU 
105 |a a z 001zy 
200 1 |a Криогенные физико-геологические процессы и методы изучения их развития  |e сборник научных трудов  |f Всесоюзный научно-исследовательский институт гидрогеологии и инженерной геологии (ВСЕГИНГЕО) ; под ред. С. Е. Гречищева 
210 |a Москва  |c Изд-во ВСЕГИНГЕО  |d 1987 
215 |a 176 с.  |c ил. 
320 |a Библиогр. в конце ст. 
606 1 |a Геология динамическая  |2 stltpush  |3 (RuTPU)RU\TPU\subj\6114  |9 34073 
610 1 |a криогенные процессы 
610 1 |a физико-химические процессы 
610 1 |a изучение 
610 1 |a развитие 
610 1 |a геокриологические условия 
610 1 |a техногенные нарушения 
610 1 |a выветривание 
675 |a 551.346  |v 3 
702 1 |a Гречищев  |b С. Е.  |4 340 
712 0 2 |a Всесоюзный научно-исследовательский институт гидрогеологии и инженерной геологии (ВСЕГИНГЕО)  |c (пос. Зеленый, Московская область)  |2 stltpush  |3 (RuTPU)RU\TPU\col\2061 
801 1 |a RU  |b 63413507  |c 20141020 
801 2 |a RU  |b 63413507  |c 20160301  |g RCR 
942 |c BK